Closest to Their Own Capitals Quiz Stats

Quiz Updated Feb 17, 2016

Challenge
Share
Tweet
Embed
Score 0/40 Timer 14:00
1 Play Today
Country % Correct
Vatican City
75.6%
Iceland
68.1%
Monaco
67.8%
Ireland
67.1%
Luxembourg
66.7%
Andorra
65.5%
Liechtenstein
64.1%
San Marino
62.2%
Jamaica
61.4%
Haiti
59.8%
Dominica
56.1%
Lesotho
54.8%
Sri Lanka
54.1%
Malta
53.4%
Singapore
52.9%
Cyprus (unless you consider Northern Cyprus to be a separate country)
52.7%
Barbados
49.4%
Saint Kitts and Nevis
49.1%
Trinidad and Tobago
49.1%
Maldives
48%
Country % Correct
Belize
47%
Samoa
46.4%
Vanuatu
46.2%
Tuvalu
45.7%
Nauru
44.9%
Saint Lucia
44.5%
Bahrain
43.5%
Palau
43.4%
Bhutan
43.3%
Kuwait
42.8%
Comoros
42.8%
Grenada
42.6%
Brunei
41.5%
Djibouti
40.7%
Cabo Verde
39.9%
São Tomé and Príncipe
38.4%
Timor Leste
36%
Georgia (unless you consider Abkhazia and South Ossetia to be separate countries)
31.7%
Paraguay
31.6%
Moldova (unless you consider Transnistria to be a separate country)
30.6%

You're not logged in!

Compare scores with friends on all Sporcle quizzes.
Sign Up with Email
OR
Log In

You Might Also Like...

Show Comments

Extras

Top Quizzes Today


Score Distribution

Your Account Isn't Verified!

In order to create a playlist on Sporcle, you need to verify the email address you used during registration. Go to your Sporcle Settings to finish the process.